| 000 | 00483cam a2200193ua 4500 | ||
|---|---|---|---|
| 001 | 7427 | ||
| 008 | 141224n ii |||gr||||Z||||||ben | ||
| 040 | _cMAIN | ||
| 041 | _aben | ||
| 082 | _a891.44 | ||
| 100 |
_aDasgupta, S. Kr., _eAuthor. |
||
| 245 |
_aKavya-shree _cBy Sudhir Kumar Dasgupta |
||
| 250 | _a1st. | ||
| 260 |
_aKolkatta: _bM. Mukherjee, _c1966. |
||
| 300 | _a158p. | ||
| 653 | _aEast Indo-European & Celtic literatures | ||
| 653 | _aBengali literature | ||
| 942 | _cBK | ||
| 999 |
_c6550 _d6550 |
||